|
|
|
|
| LEADER |
00000nam a2200000 a 4500 |
| 001 |
UCM5701 |
| 003 |
CL-VaPUC |
| 008 |
021018e20010000SP |||||||||||||||||spa|d |
| 020 |
|
|
|a 842917222X
|
| 082 |
0 |
4 |
|a 545
|b HAR
|2 21
|
| 100 |
|
|
|a Harris, Daniel C
|e author
|9 471792
|
| 245 |
1 |
0 |
|a Análisis químico cuantitativo
|
| 250 |
|
|
|a 2a. ed
|
| 300 |
|
|
|a 981 p
|
| 942 |
|
|
|c BK
|
| 945 |
|
|
|d 20021018 00:00:00
|a vberengu
|
| 260 |
|
|
|a Barcelona
|b Reverté
|c 2001
|
| 500 |
|
|
|a Incluye cd con aplicaciones prácticas
|
| 650 |
|
0 |
|a Química analítica cuantitativa
|9 259571
|
| 650 |
|
0 |
|a Equilibrio químico
|9 259943
|
| 650 |
|
0 |
|a Voltametría
|9 339676
|
| 650 |
|
0 |
|a Espectrofotometría
|9 360575
|
| 650 |
|
0 |
|a Espectrofotómetros
|9 359810
|
| 650 |
|
0 |
|a Espectroscopia atómica
|9 373205
|
| 650 |
|
0 |
|a Cromatografía de gases
|9 262812
|
| 650 |
|
0 |
|a Cromatografía líquida
|9 263939
|
| 650 |
|
0 |
|a Análisis gravimétrico
|9 345155
|
| 583 |
|
|
|a last modification
|c 20171031 11:00:23
|k Rodrigo Vera
|
| 999 |
|
|
|c 301561
|d 301559
|
| 952 |
|
|
|0 0
|1 0
|4 0
|6 545_000000000000000_HAR_2001
|7 0
|8 A
|9 360689
|a BIBCUR
|b BIBCUR
|d 2019-11-21
|i 3848019
|o 545 HAR 2001
|p 3848019
|r 2025-04-22
|w 2019-11-21
|y BK
|k QUI
|
| 952 |
|
|
|0 0
|1 0
|4 0
|6 545_000000000000000_HAR_2001
|7 0
|8 A
|9 360690
|a BIBCUR
|b BIBCUR
|d 2019-11-21
|i 3848035
|o 545 HAR 2001
|p 3848035
|r 2025-04-22
|w 2019-11-21
|y BK
|k QUI
|
| 952 |
|
|
|0 0
|1 0
|4 0
|6 545_000000000000000_HAR_2001
|7 0
|8 A
|9 360691
|a BIBCUR
|b BIBCUR
|d 2019-11-21
|i 4037170
|l 2
|o 545 HAR 2001
|p 4037170
|r 2025-04-22
|s 2022-04-28
|w 2019-11-21
|y BK
|k QUI
|
| 952 |
|
|
|0 0
|1 0
|4 0
|6 545_000000000000000_HAR_2001
|7 0
|8 A
|9 360692
|a BIBCUR
|b BIBCUR
|d 2019-11-21
|i 4037189
|l 2
|m 1
|o 545 HAR 2001
|p 4037189
|r 2025-04-22
|s 2024-05-24
|w 2019-11-21
|y BK
|k QUI
|
| 952 |
|
|
|0 0
|1 0
|4 0
|6 545_000000000000000_HAR_2001
|7 0
|8 A
|9 360693
|a BIBCUR
|b BIBCUR
|d 2019-11-21
|i 4037197
|o 545 HAR 2001
|p 4037197
|r 2025-04-22
|w 2019-11-21
|y BK
|k QUI
|
| 952 |
|
|
|0 0
|1 0
|4 0
|6 545_000000000000000_HAR_2001
|7 0
|8 A
|9 360694
|a BIBCUR
|b BIBCUR
|d 2019-11-21
|i 4037200
|o 545 HAR 2001
|p 4037200
|r 2025-04-22
|w 2019-11-21
|y BK
|k QUI
|
| 952 |
|
|
|0 0
|1 0
|4 0
|6 545_000000000000000_HAR_2001
|7 0
|8 A
|9 360695
|a BIBCUR
|b BIBCUR
|d 2019-11-21
|i 4037219
|o 545 HAR 2001
|p 4037219
|r 2025-04-22
|w 2019-11-21
|y BK
|k QUI
|
| 952 |
|
|
|0 0
|1 0
|4 0
|6 545_000000000000000_HAR_2001
|7 0
|8 A
|9 360696
|a BIBCUR
|b BIBCUR
|d 2019-11-21
|i 4037227
|l 1
|o 545 HAR 2001
|p 4037227
|r 2025-04-22
|s 2025-03-27
|w 2019-11-21
|y BK
|k QUI
|
| 952 |
|
|
|0 0
|1 0
|4 0
|6 545_000000000000000_HAR_2001
|7 0
|8 A
|9 360697
|a BIBCUR
|b BIBCUR
|d 2019-11-21
|i 4037235
|l 3
|o 545 HAR 2001
|p 4037235
|r 2025-04-22
|s 2022-06-20
|w 2019-11-21
|y BK
|k QUI
|
| 952 |
|
|
|0 0
|1 0
|4 0
|6 545_000000000000000_HAR_2001
|7 0
|8 A
|9 360698
|a BIBCUR
|b BIBCUR
|d 2019-11-21
|i 4037243
|o 545 HAR 2001
|p 4037243
|r 2025-04-22
|w 2019-11-21
|y BK
|k QUI
|
| 952 |
|
|
|0 0
|1 0
|4 0
|6 545_000000000000000_HAR_2001
|7 0
|8 A
|9 360699
|a BIBCUR
|b BIBCUR
|d 2019-11-21
|i 4037251
|o 545 HAR 2001
|p 4037251
|r 2025-04-22
|w 2019-11-21
|y BK
|k QUI
|
| 952 |
|
|
|0 0
|1 0
|4 0
|6 545_000000000000000_HAR_2001
|7 0
|8 A
|9 360700
|a BIBCUR
|b BIBCUR
|d 2019-11-21
|i 403726K
|l 1
|m 2
|o 545 HAR 2001
|p 403726K
|r 2025-04-22
|s 2025-03-18
|w 2019-11-21
|y BK
|k QUI
|
| 952 |
|
|
|0 0
|1 0
|4 0
|6 545_000000000000000_HAR_2001
|7 0
|8 A
|9 360701
|a BIBCUR
|b BIBCUR
|d 2019-11-21
|i 4037278
|l 1
|o 545 HAR 2001
|p 4037278
|q 2025-05-13
|r 2025-05-06
|s 2025-05-06
|w 2019-11-21
|y BK
|k QUI
|
| 952 |
|
|
|0 0
|1 0
|4 0
|6 545_000000000000000_HAR_2001
|7 0
|8 A
|9 360702
|a BIBCUR
|b BIBCUR
|d 2019-11-21
|i 4037286
|o 545 HAR 2001
|p 4037286
|r 2025-04-22
|w 2019-11-21
|y BK
|k QUI
|
| 952 |
|
|
|0 0
|1 0
|4 0
|6 545_000000000000000_HAR_2001
|7 0
|8 A
|9 360703
|a BIBCUR
|b BIBCUR
|d 2019-11-21
|i 4037294
|o 545 HAR 2001
|p 4037294
|r 2025-04-22
|w 2019-11-21
|y BK
|k QUI
|
| 952 |
|
|
|0 0
|1 0
|4 0
|6 545_000000000000000_HAR_2001
|7 0
|8 A
|9 360704
|a BIBCUR
|b BIBCUR
|d 2019-11-21
|i 4037308
|o 545 HAR 2001
|p 4037308
|r 2025-04-22
|w 2019-11-21
|y BK
|k QUI
|
| 952 |
|
|
|0 0
|1 0
|4 0
|6 545_000000000000000_HAR_2001
|7 0
|8 A
|9 360705
|a BIBCUR
|b BIBCUR
|d 2019-11-21
|i 4037316
|o 545 HAR 2001
|p 4037316
|r 2025-04-22
|w 2019-11-21
|y BK
|k QUI
|